| 000 | 00751nam a22002057a 4500 | ||
|---|---|---|---|
| 005 | 20170818111341.0 | ||
| 010 | _aENG-119744 | ||
| 020 |
_a9788123018119 _c160.00 |
||
| 035 | _aEN-103276 | ||
| 037 | _bDBAD/PUB | ||
| 082 | _a363.2580954 | ||
| 100 | _aSodhi, G.S. | ||
| 245 |
_aIndian civilization and the science of fingerprinting / _cby G.S. Sodhi [and] Jasjeet Kaur |
||
| 260 |
_aNew Delhi _bPublications Division _c2013 |
||
| 270 |
_aMinistry of Information and Broadcasting, Government of India, Soochna Bhawan, C.G.O. Complex, Lodhi Road, _bNew Delhi _e110003 |
||
| 300 |
_a109p. _c22cm(pbk) _bill.(col.) |
||
| 500 | _aIncludes bibliographical references | ||
| 700 | _aKaur, Jasjeet | ||
| 942 |
_2ddc _cEN _h363.2580954 _mSOD |
||
| 999 |
_c143529 _d143529 |
||